Estadísticas para Estadios españoles más grandes

Haz click aquí para intentar la prueba.

Estadísticas generales

  • Esta prueba ha sido intentada 212 veces
  • La puntuación promedio es 17 de 24

Estadísticas de respuestas

Aforo (Espectadores)Comunidad AutónomaEstadio% Correcto
99.354CataluñaCamp Nou
99%
81.044MadridSantiago Bernabeu
98%
68.456MadridWanda Metropolitano
94%
52.000Comunidad ValencianaMestalla
91%
53.331País VascoSan Mamés
89%
60.721AndalucíaBenito Villamarín
88%
43.883AndalucíaRamón Sánchez Pizjuan
88%
40.000País VascoReale Arena
80%
23.500Comunidad ValencianaLa Cerámica
78%
60.000AndalucíaLa Cartuja
76%
33.608AragónLa Romareda
74%
29.000GaliciaBalaidos
73%
32.660GaliciaRiazor
73%
60.713CataluñaOlímpico Lluis Companys
69%
30.000AsturiasEl Molinón
64%
30.044AndalucíaLa Rosaleda
58%
40.500CataluñaRCDE Stadium
58%
26.354Comunidad ValencianaCiutat de Valencia
55%
27.618Castilla y LeónJosé Zorrilla
55%
30.500AsturiasCarlos Tartiere
54%
32.392CanariasGran Canaria
49%
33.732Comunidad ValencianaMartínez Valero
45%
29.500Comunidad ValencianaJosé Rico Pérez
34%
31.179MurciaEnrique Roca
18%

Distribución de puntuación

Porcentaje por número respondido

Porcentaje de gente con cada puntuación

Historial de tus puntuaciones

No has intentado esta prueba.